000 00335nam a2200145 i 4500
001 bg
100 1 _aBURNAT, Leon
245 0 _aObrabiarki do metali.
_nCz. 2.
_nz.1 /
_cLeon Burnat.
260 _aŁódź,
_c1971.
040 _cBPK
041 _apol
080 _a621.9(075.8)
942 _cKS
008 s pl f |000 0 pol
999 _c203
_d203
856 _uhttp://koha.tu.koszalin.pl/cgi-bin/koha/opac-detail.pl?biblionumber=203
_yKatalog online BPK